Indian tax administration : (Record no. 95156)

MARC details
000 -LEADER
fixed length control field 00615nam a22001937a 4500
005 - DATE AND TIME OF LATEST TRANSACTION
control field 20150812163607.0
010 ## - LCCN (DPL NO)
LC control number ENG-113584
020 ## - INTERNATIONAL STANDARD BOOK NUMBER
International Standard Book Number 9788125051800
Terms of availability 1025.00
035 ## - SYSTEM CONTROL NUMBER
System control number EN-97116
037 ## - SOURCE OF ACQUISITION
Source of stock number/acquisition DBAD/PUB
082 ## - DEWEY DECIMAL CLASSIFICATION NUMBER
Classification number 352.440954
245 ## - TITLE STATEMENT
Title Indian tax administration :
Statement of responsibility, etc edited by Parthasarathi Shome ; foreworded by Vijay Kelkar
Remainder of title a dialogue /
260 ## - PUBLICATION, DISTRIBUTION, ETC. (IMPRINT)
Place of publication, distribution, etc New Delhi
Name of publisher, distributor, etc Orient Blackswan
Date of publication, distribution, etc 2013
270 ## - ADDRESS
Address 1/24, Asaf Ali Road
City New Delhi
Postal code 110002
300 ## - PHYSICAL DESCRIPTION
Extent xx,420p.
Dimensions 24cm(Hb)
500 ## - GENERAL NOTE
General note Includes index
700 ## - ADDED ENTRY--PERSONAL NAME
Personal name Shome, Parthasarathi
942 ## - ADDED ENTRY ELEMENTS (KOHA)
Source of classification or shelving scheme Dewey Decimal Classification
Item type English Books
Call number suffix IND
Classification part 352.440954
Holdings
Withdrawn status Lost status Not for loan Collection code Home library Current library Date acquired Source of acquisition Cost, normal purchase price Full call number Barcode Copy number Cost, replacement price Koha item type
    Not For Loan Non-fiction D.B.Act.Division D.B.Act.Division 21/07/2015 DBAD/PUB 1025.00 352.440954 IND EN-97116 1 1025.00 English Books

© Delhi Public Library
Hit Counter
free hit counter